00535nam a2200181 a 45000010010000000030011000100080041000210350026000620820014000881000022001022450040001242600035001646500017001999420012002169520090002289980020003189990015003380000-8832ELIB.Books110520 1994  a(ELIB.Books)0000-8978 a232 bHar aHarris, Murray J. aThree Crucial Questions about Jesus bCarlisle: OM Publishing c1994 aJesus Christ 2ddccBK 00102ddc4070aKBTSbKBTSd2011-05-20l0p8547r2022-01-22 00:00:00w2022-01-22yBK cbate2011-05-20 c8832d8832